The quranic concept of war / (Record no. 124944)

MARC details
000 -LEADER
fixed length control field 00733nam a22002297a 4500
005 - DATE AND TIME OF LATEST TRANSACTION
control field 20170124105946.0
010 ## - LIBRARY OF CONGRESS CONTROL NUMBER
LC control number A-573397
020 ## - INTERNATIONAL STANDARD BOOK NUMBER
Terms of availability 95.00
035 ## - SYSTEM CONTROL NUMBER
System control number A-573397
037 ## - SOURCE OF ACQUISITION
Source of stock number/acquisition Cen Lib/Ret
040 ## - CATALOGING SOURCE
Original cataloging agency DPL
Language of cataloging EN
082 ## - DEWEY DECIMAL CLASSIFICATION NUMBER
Classification number 270.91
Item number MAL
100 ## - MAIN ENTRY--PERSONAL NAME
Personal name Malik, S.K.
9 (RLIN) 12484
245 ## - TITLE STATEMENT
Title The quranic concept of war /
Statement of responsibility, etc by S.K. Malik
260 ## - PUBLICATION, DISTRIBUTION, ETC. (IMPRINT)
Place of publication, distribution, etc Delhi
Name of publisher, distributor, etc Adam Publishers & Distributors
Date of publication, distribution, etc 1992
270 ## - ADDRESS
Address Shandar Market, Chitli Qabar
City Delhi
Postal code 110006
300 ## - PHYSICAL DESCRIPTION
Extent 155p. :
Dimensions 23cm(Hb)
Other physical details col.ill.
500 ## - GENERAL NOTE
General note Includes bibliographical references.
650 ## - SUBJECT ADDED ENTRY--TOPICAL TERM
Topical term or geographic name as entry element Qurʼan -- Theology.
9 (RLIN) 12485
650 ## - SUBJECT ADDED ENTRY--TOPICAL TERM
Topical term or geographic name as entry element Muḥammad, -- Prophet, -- -632 -- Military leadership.
9 (RLIN) 12486
942 ## - ADDED ENTRY ELEMENTS (KOHA)
Source of classification or shelving scheme Dewey Decimal Classification
Koha item type English Books
Classification part 270.91
Call number suffix MAL
Holdings
Withdrawn status Lost status Damaged status Not for loan Home library Current library Date acquired Source of acquisition Cost, normal purchase price Total Checkouts Total Renewals Full call number Barcode Date last seen Date checked out Copy number Cost, replacement price Price effective from Koha item type
        Central Library Central Library 19/06/2015 Cen Lib/Ret 95.00 1 1 270.91 MAL A-573397 16/10/2021 20/09/2021 1 95.00 19/06/2015 English Books

© Delhi Public Library
Hit Counter
free hit counter